Library Logo

Pioneer International University Library Catalogue

International financial management / (Record no. 2140)

MARC details
000 -LEADER
fixed length control field 00584cam a2200193 a 4500
005 - DATE AND TIME OF LATEST TRANSACTION
control field 20250901165324.0
008 - FIXED-LENGTH DATA ELEMENTS--GENERAL INFORMATION
fixed length control field 080703s2009 maua b 001 0 eng
010 ## - LIBRARY OF CONGRESS CONTROL NUMBER
LC control number 2008029244
020 ## - INTERNATIONAL STANDARD BOOK NUMBER
International Standard Book Number 9780073382340 (alk. paper)
020 ## - INTERNATIONAL STANDARD BOOK NUMBER
International Standard Book Number 0073382345 (alk. paper)
050 00 - LIBRARY OF CONGRESS CALL NUMBER
Classification number HG3881 .E655 2009
Item number .E655 2009
082 00 - DEWEY DECIMAL CLASSIFICATION NUMBER
Classification number 658.15/99
Edition information 22
100 1# - MAIN ENTRY--PERSONAL NAME
Personal name Eun, Cheol S.
245 10 - TITLE STATEMENT
Title International financial management /
Statement of responsibility, etc. Cheol S. Eun, Bruce G. Resnick.
250 ## - EDITION STATEMENT
Edition statement 5th ed.
260 ## - PUBLICATION, DISTRIBUTION, ETC.
Place of publication, distribution, etc. Boston :
Name of publisher, distributor, etc. McGraw-Hill Irwin,
Date of publication, distribution, etc. c2009.
300 ## - PHYSICAL DESCRIPTION
Extent xxiii, 533 p. :
Other physical details ill. ;
Dimensions 29 cm.
942 ## - ADDED ENTRY ELEMENTS (KOHA)
Source of classification or shelving scheme Dewey Decimal Classification
Holdings
Withdrawn status Lost status Source of classification or shelving scheme Damaged status Not for loan Home library Current library Shelving location Date acquired Total checkouts Full call number Barcode Date last seen Price effective from Koha item type
    Library of Congress Classification     Main Library Main Library   03/10/2021   HG3881 .E655 2009 PIU0001539B 03/10/2021 03/10/2021 Books